| 000 | 01448cam a2200397 i 4500 | ||
|---|---|---|---|
| 999 |
_c200448378 _d66590 |
||
| 001 | 200448378 | ||
| 003 | TR-AnTOB | ||
| 005 | 20230317144959.0 | ||
| 007 | ta | ||
| 008 | 971230t19981998dcua b i000 0 eng d | ||
| 010 | _a 97052372 | ||
| 020 | _a1557757178 | ||
| 035 | _a(TR-AnTOB)200448378 | ||
| 040 |
_aDLC _beng _erda _cDLC _dDLC _dTR-AnTOB |
||
| 041 | 0 | _aeng | |
| 050 | 0 | 0 |
_aHJ1620 _b.F573 1998 |
| 090 |
_aTOBBK HJ 1620 _b.F573 1998 |
||
| 245 | 0 | 0 |
_aFiscal reforms in low-income countries : _bexperience under IMF-supported programs / _cby George T. Abed [and others]. |
| 264 | 1 |
_aWashington, DC : _bInternational Monetary Fund, _c1998. |
|
| 264 | 4 | _c©1998 | |
| 300 |
_avii, 90 pages : _billustrations ; _c28 cm |
||
| 336 |
_atext _btxt _2rdacontent |
||
| 337 |
_aunmediated _bn _2rdamedia |
||
| 338 |
_avolume _bnc _2rdacarrier |
||
| 490 | 0 |
_aOccasional paper ; _v160 |
|
| 500 | _a"February 1998." | ||
| 504 | _aBIB | ||
| 650 | 0 |
_aFiscal policy _zDeveloping countries _922460 |
|
| 650 | 0 |
_aStructural adjustment (Economic policy) _zDeveloping countries _9131319 |
|
| 700 | 1 |
_aAbed, George T. _eauthor _9136363 |
|
| 710 | 2 |
_aInternational Monetary Fund _979373 |
|
| 856 | 4 | 1 |
_3IMF eLibrary (Open Access) _zOnline access link to the resource _uhttps://www.elibrary.imf.org/display/book/9781557757173/9781557757173.xml?rskey=0ROrQy&result=1 |
| 942 |
_2z _cBK |
||